[Event "22nd Costa del Sol it"]
[Site "Torremolinos ESP"]
[Date "1983.02.03"]
[Round "1"]
[White "Bellon Lopez, Juan Manuel"]
[Black "Munoz Moreno, Francisco Javier"]
[Result "1-0"]
[WhiteElo "2425"]
[BlackElo "2265"]
[EventDate "1983.02.01"]
[PlyCount "219"]

1. d4 Nf6 2. c4 e6 3. Nf3 Bb4+ 4. Bd2 Qe7 5. g3 O-O 6. Bg2 Bxd2+ 7. Qxd2 d6 8.
Nc3 e5 9. O-O Re8 10. Rac1 e4 11. Ng5 Bf5 12. Qf4 Bg6 13. Nd5 Nxd5 14. cxd5 Na6
15. a3 f6 16. Ne6 c6 17. Qd2 Bf5 18. Nf4 g5 19. Bh3 Bxh3 20. Nxh3 cxd5 21. Qa5
Qe6 22. Kg2 Rec8 23. e3 Qf7 24. Ng1 Nc7 25. Rc3 b6 26. Qb4 Qd7 27. Rfc1 Ne8 28.
Qb3 Rxc3 29. Qxd5+ Qf7 30. Qxf7+ Kxf7 31. Rxc3 Ke6 32. g4 d5 33. Ne2 Kd7 34. h4
h6 35. Ng3 Nd6 36. Nh5 Rf8 37. a4 f5 38. hxg5 hxg5 39. gxf5 Rxf5 40. b3 Rf8 41.
Rc2 Nf5 42. b4 Nh4+ 43. Kg3 Nf3 44. b5 Ne1 45. Rc6 Rf3+ 46. Kg4 Nd3 47. Nf6+
Kd8 48. Kxg5 Nxf2 49. Nxd5 Nh3+ 50. Kh4 Nf2 51. Rf6 Rxf6 52. Nxf6 Ke7 53. Kg3
Nd1 54. Nxe4 Nxe3 55. Kf4 Nc4 56. Nc3 Kd6 57. Ke4 Nd2+ 58. Kd3 Nb3 59. Ne2 Kd5
60. Kc3 Na5 61. Nf4+ Ke4 62. Ng6 Nb7 63. Ne7 Nd6 64. Nc6 Nc8 65. Kc4 Nd6+ 66.
Kb4 Nc8 67. Kc3 Ke3 68. Ne5 Ke4 69. Nf7 Kd5 70. Kd3 Ke6 71. Ng5+ Kd6 72. Ne4+
Ke6 73. Kc4 Kf5 74. Nf2 Ke6 75. d5+ Ke5 76. Ng4+ Kd6 77. Kd4 Ne7 78. Ne3 Kd7
79. Nc4 Nf5+ 80. Ke5 Nh6 81. Ne3 Nf7+ 82. Kd4 Nd6 83. Ng4 Nb7 84. Nf6+ Ke7 85.
Ne4 Na5 86. Kc3 Nb7 87. Kb4 Kd7 88. Kc4 Na5+ 89. Kd4 Ke7 90. Nd2 Nb7 91. Nb3
Nd6 92. Kc3 Nb7 93. Kc4 Nd6+ 94. Kd4 Kd7 95. Nd2 Nb7 96. Ke5 Nc5 97. Ne4 Nxa4
98. Nf6+ Ke7 99. d6+ Kd8 100. Kd5 Nc5 101. Kc6 Ne6 102. Kd5 Nc5 103. Ne4 Nb3
104. Ng5 Kd7 105. Nf3 Nc5 106. Ne5+ Kd8 107. Kc6 Ne6 108. Kb7 Nc5+ 109. Kxa7
Ne4 110. Nc4 1-0

[Event "22nd Costa del Sol it"]
[Site "Torremolinos ESP"]
[Date "1983.02.03"]
[Round "1"]
[White "Fernandez Garcia, Jose Luis"]
[Black "Campora, Daniel Hugo"]
[Result "0-1"]
[WhiteElo "2435"]
[BlackElo "2480"]
[EventDate "1983.02.01"]
[PlyCount "88"]

1. e4 c6 2. d4 d5 3. Nd2 dxe4 4. Nxe4 Bf5 5. Ng3 Bg6 6. h4 h6 7. Nf3 Nf6 8. Ne5
Bh7 9. Bc4 e6 10. Qe2 Nd5 11. O-O Nd7 12. Nh5 Nxe5 13. Qxe5 Qxh4 14. Bxd5 cxd5
15. Bf4 Rg8 16. Rfe1 Rd8 17. Bg3 Qg4 18. Nf4 Bd6 19. Qe3 h5 20. Ne2 Bxg3 21.
Nxg3 h4 22. Nf1 Rh8 23. Nh2 Qh5 24. Qb3 Rd7 25. Re5 Bf5 26. Rae1 Kd8 27. c4 f6
28. R5e3 h3 29. g3 Be4 30. Qa3 a6 31. f3 Bg6 32. Rxe6 dxc4 33. Rd6 Re8 34.
Rxd7+ Kxd7 35. Rxe8 Bxe8 36. Qe3 Bf7 37. Kf2 Bd5 38. Qf4 Qg6 39. Qd2 Qb1 40. a3
Qh1 41. Ke3 Qg1+ 42. Qf2 Qc1+ 43. Qd2 Qxd2+ 44. Kxd2 b5 0-1

[Event "22nd Costa del Sol it"]
[Site "Torremolinos ESP"]
[Date "1983.02.03"]
[Round "1"]
[White "Tatai, Stefano"]
[Black "Ivkov, Borislav"]
[Result "1-0"]
[WhiteElo "2435"]
[BlackElo "2475"]
[EventDate "1983.02.01"]
[PlyCount "119"]

1. d4 Nf6 2. c4 e6 3. Nc3 Bb4 4. e3 O-O 5. Nge2 Re8 6. a3 Bf8 7. g3 d5 8. cxd5
exd5 9. Bg2 c6 10. O-O Na6 11. h3 Nc7 12. g4 Bd6 13. f4 Bxg4 14. hxg4 Nxg4 15.
Rf3 Qh4 16. Bh3 Re6 17. Bxg4 Rg6 18. Rg3 Rxg4 19. Kg2 Re8 20. Bd2 Ne6 21. Rxg4
Qxg4+ 22. Ng3 Qg6 23. Qb1 Qf6 24. Qf5 Qd8 25. Rh1 g6 26. Qg4 Qb6 27. Bc1 Qb3
28. Qd1 Qxd1 29. Rxd1 h5 30. Kf3 f5 31. Bd2 Kf7 32. Rh1 Rh8 33. Nge2 g5 34.
fxg5 Nxg5+ 35. Kf2 h4 36. Ng1 Ne4+ 37. Nxe4 fxe4 38. Kf1 Kg6 39. Be1 Kg5 40.
Nh3+ Kg4 41. Ke2 Bg3 42. Bxg3 Kxg3 43. Nf4 Rh7 44. Rg1+ Kh2 45. Kf2 a5 46. Rg2+
Kh1 47. Kf1 h3 48. Rg1+ Kh2 49. Rg5 a4 50. Kf2 Kh1 51. Rh5 Rxh5 52. Nxh5 Kh2
53. Nf4 b6 54. Ne2 c5 55. Nf4 c4 56. Nxd5 b5 57. Nc3 Kh1 58. d5 b4 59. axb4 a3
60. bxa3 1-0

[Event "22nd Costa del Sol it"]
[Site "Torremolinos ESP"]
[Date "1983.02.04"]
[Round "2"]
[White "Campora, Daniel Hugo"]
[Black "Roos, Daniel"]
[Result "1/2-1/2"]
[WhiteElo "2480"]
[BlackElo "2410"]
[EventDate "1983.02.01"]
[PlyCount "97"]

1. e4 c6 2. d4 d5 3. Nd2 dxe4 4. Nxe4 Nf6 5. Nxf6+ gxf6 6. c3 Bf5 7. Nf3 Nd7 8.
g3 Nb6 9. Bg2 Qd7 10. O-O Bh3 11. Re1 Bxg2 12. Kxg2 O-O-O 13. a4 h5 14. a5 Nd5
15. a6 b6 16. c4 Nc7 17. Re4 Bg7 18. Qe2 Ne6 19. Rh4 Nf8 20. Re4 Ng6 21. Nh4 f5
22. Nxg6 fxe4 23. Nxh8 Rxh8 24. Bf4 f5 25. Rd1 h4 26. f3 hxg3 27. Bxg3 f4 28.
Bxf4 Qh3+ 29. Kf2 Rf8 30. Qxe4 Qh4+ 31. Ke3 Rxf4 32. Qxc6+ Kd8 33. Qa8+ Kd7 34.
Qxa7+ Ke6 35. Qxb6+ Kf7 36. a7 Bh6 37. Qxh6 Re4+ 38. fxe4 Qxh6+ 39. Kd3 Qa6 40.
Rf1+ Ke8 41. Rc1 Qxa7 42. c5 Kd7 43. c6+ Kc7 44. d5 Qb6 45. Rc2 Qb3+ 46. Kd2
Qh3 47. Rc4 Qxh2+ 48. Kc3 Qg3+ 49. Kb4 1/2-1/2

[Event "22nd Costa del Sol it"]
[Site "Torremolinos ESP"]
[Date "1983.02.04"]
[Round "2"]
[White "Diez del Corral Rivas, Jesus"]
[Black "Rivas Pastor, Manuel"]
[Result "1/2-1/2"]
[WhiteElo "2430"]
[BlackElo "2465"]
[EventDate "1983.02.01"]
[PlyCount "66"]

1. e4 c5 2. Nf3 d6 3. d4 cxd4 4. Nxd4 Nf6 5. Nc3 Nc6 6. Be3 Ng4 7. Bb5 Nxe3 8.
fxe3 Bd7 9. O-O e6 10. Bxc6 bxc6 11. Qf3 Qf6 12. Qe2 Qg5 13. Rf3 Be7 14. Rg3
Qe5 15. Nf3 Qa5 16. Rxg7 Bf6 17. Rg3 Rb8 18. e5 Bxe5 19. Nxe5 Qxe5 20. e4 Rxb2
21. Rd1 c5 22. Qa6 Ke7 23. Rgd3 Rb6 24. Qxa7 Rhb8 25. Qa5 R8b7 26. Rf1 Be8 27.
Rd5 exd5 28. Nxd5+ Kf8 29. Nxb6 Qxe4 30. c4 Bc6 31. Nd5 Bxd5 32. Qd8+ Kg7 33.
Qf6+ Kg8 1/2-1/2

[Event "22nd Costa del Sol it"]
[Site "Torremolinos ESP"]
[Date "1983.02.04"]
[Round "2"]
[White "Fernandez Garcia, Jose Luis"]
[Black "Tatai, Stefano"]
[Result "1/2-1/2"]
[WhiteElo "2435"]
[BlackElo "2435"]
[EventDate "1983.02.01"]
[PlyCount "40"]

1. e4 e5 2. Nf3 Nc6 3. Bb5 f5 4. Nc3 Nd4 5. exf5 c6 6. Nxd4 exd4 7. Qh5+ Ke7 8.
O-O d5 9. b3 dxc3 10. Ba3+ Kd7 11. Qf7+ Ne7 12. f6 gxf6 13. Rfe1 cxd2 14. Re6
Kc7 15. Bxe7 Bxe7 16. Rxe7+ Bd7 17. Bd3 Re8 18. Rxe8 Qxe8 19. Qxe8 Rxe8 20. Kf1
Re5 1/2-1/2

[Event "22nd Costa del Sol it"]
[Site "Torremolinos ESP"]
[Date "1983.02.04"]
[Round "2"]
[White "Ivkov, Borislav"]
[Black "Bellon Lopez, Juan Manuel"]
[Result "1/2-1/2"]
[WhiteElo "2475"]
[BlackElo "2425"]
[EventDate "1983.02.01"]
[PlyCount "47"]

1. Nf3 Nf6 2. c4 e6 3. d4 c5 4. e3 d5 5. Nc3 Nc6 6. a3 a6 7. dxc5 Bxc5 8. b4
Bd6 9. Bb2 O-O 10. Qc2 dxc4 11. Bxc4 b5 12. Bd3 Bb7 13. Rd1 Rc8 14. Qb1 h6 15.
Ne4 Nxe4 16. Bxe4 Qe7 17. O-O Rfd8 18. Ba1 f5 19. Bc2 Nxb4 20. axb4 Bxf3 21.
gxf3 Qg5+ 22. Kh1 Qh5 23. f4 Qf3+ 24. Kg1 1/2-1/2

[Event "22nd Costa del Sol it"]
[Site "Torremolinos ESP"]
[Date "1983.02.04"]
[Round "2"]
[White "Munoz Moreno, Francisco Javier"]
[Black "Medina Garcia, Antonio Angel"]
[Result "1/2-1/2"]
[WhiteElo "2265"]
[BlackElo "2365"]
[EventDate "1983.02.01"]
[PlyCount "55"]

1. e4 e5 2. Nf3 Nc6 3. Bb5 a6 4. Ba4 d6 5. d4 Bd7 6. O-O Nf6 7. c3 Be7 8. Re1
O-O 9. Nbd2 Re8 10. Nf1 Bf8 11. Ng3 g6 12. h3 Bg7 13. Bc2 a5 14. Bg5 Qe7 15.
Qd2 Rad8 16. d5 Nb8 17. c4 b6 18. a3 Qf8 19. b4 axb4 20. axb4 h6 21. Bxf6 Bxf6
22. Ra7 Rc8 23. Rea1 Bg7 24. Rb7 Qe7 25. Raa7 Qd8 26. Qe3 Rf8 27. c5 bxc5 28.
bxc5 1/2-1/2

[Event "22nd Costa del Sol it"]
[Site "Torremolinos ESP"]
[Date "1983.02.05"]
[Round "3"]
[White "Bellon Lopez, Juan Manuel"]
[Black "Fernandez Garcia, Jose Luis"]
[Result "1/2-1/2"]
[WhiteElo "2425"]
[BlackElo "2435"]
[EventDate "1983.02.01"]
[PlyCount "82"]

1. d4 d5 2. Nf3 c5 3. e3 e6 4. c4 Nf6 5. Nc3 Nc6 6. a3 Ne4 7. Bd3 Nxc3 8. bxc3
dxc4 9. Bxc4 Be7 10. O-O O-O 11. Rb1 b6 12. a4 Bb7 13. Bd3 Rc8 14. Qe2 Qc7 15.
Bd2 Rfd8 16. Rfc1 Qb8 17. Rd1 g6 18. Bb5 Qc7 19. h3 e5 20. a5 exd4 21. axb6
axb6 22. cxd4 cxd4 23. exd4 Nxd4 24. Nxd4 Rxd4 25. Be3 Rxd1+ 26. Rxd1 Rd8 27.
Rxd8+ Bxd8 28. Qb2 Qd6 29. Be2 Bc7 30. f3 h5 31. Kf1 h4 32. Bh6 f6 33. Be3 Bd5
34. Qd4 g5 35. Bd3 Kf7 36. Qg4 Ke7 37. Bd2 Be6 38. Bb4 Bxg4 39. Bxd6+ Kxd6 40.
fxg4 Kc5 41. Ke2 Kb4 1/2-1/2

[Event "22nd Costa del Sol it"]
[Site "Torremolinos ESP"]
[Date "1983.02.05"]
[Round "3"]
[White "Medina Garcia, Antonio Angel"]
[Black "Ivkov, Borislav"]
[Result "1/2-1/2"]
[WhiteElo "2365"]
[BlackElo "2475"]
[EventDate "1983.02.01"]
[PlyCount "26"]

1. e4 c5 2. Nc3 g6 3. g3 Nc6 4. Bg2 Bg7 5. d3 Rb8 6. f4 b5 7. a3 d6 8. Nf3 Bg4
9. Nd5 e6 10. Ne3 Bxf3 11. Qxf3 Nd4 12. Qd1 Ne7 13. O-O f5 1/2-1/2

[Event "22nd Costa del Sol it"]
[Site "Torremolinos ESP"]
[Date "1983.02.05"]
[Round "3"]
[White "Rivas Pastor, Manuel"]
[Black "Munoz Moreno, Francisco Javier"]
[Result "1-0"]
[WhiteElo "2465"]
[BlackElo "2265"]
[EventDate "1983.02.01"]
[PlyCount "81"]

1. c4 e6 2. Nc3 d5 3. d4 Be7 4. Nf3 Nf6 5. Bg5 O-O 6. e3 h6 7. Bxf6 Bxf6 8.
cxd5 exd5 9. g3 c6 10. Bg2 Bf5 11. O-O Nd7 12. Ne1 Re8 13. Nd3 Be7 14. Rc1 Bf8
15. a3 Nb6 16. Ne5 Bd6 17. Qh5 Bxe5 18. Qxf5 Bd6 19. Rfe1 a5 20. Bf1 Bf8 21.
Bd3 g6 22. Qf3 Bg7 23. Ne2 Qf6 24. Qg2 Qd6 25. Nf4 Nd7 26. Qf1 c5 27. dxc5 Nxc5
28. Bb5 Red8 29. Red1 Qf8 30. Rc2 Rac8 31. Rxd5 Rxd5 32. Nxd5 Qd8 33. Qc4 a4
34. Bxa4 Ra8 35. Qxc5 Rxa4 36. Qc8 Qxc8 37. Rxc8+ Kh7 38. Rc2 Ra5 39. Nb4 Bf8
40. Rc7 Bxb4 41. axb4 1-0

[Event "22nd Costa del Sol it"]
[Site "Torremolinos ESP"]
[Date "1983.02.05"]
[Round "3"]
[White "Roos, Daniel"]
[Black "Diez del Corral Rivas, Jesus"]
[Result "0-1"]
[WhiteElo "2410"]
[BlackElo "2430"]
[EventDate "1983.02.01"]
[PlyCount "76"]

1. e4 g6 2. Nc3 Bg7 3. g3 e5 4. Bg2 d6 5. d3 Ne7 6. f4 Nbc6 7. Nf3 O-O 8. O-O
h6 9. Be3 exf4 10. Bxf4 g5 11. Be3 Ng6 12. Qd2 f5 13. exf5 Bxf5 14. Ne2 Qd7 15.
Nfd4 Bh3 16. Bxh3 Qxh3 17. Nxc6 bxc6 18. Bd4 Be5 19. Qe3 Nh4 20. Qe4 Rf3 21.
Qxf3 Nxf3+ 22. Rxf3 Bxd4+ 23. Nxd4 Qg4 24. c3 c5 25. h3 Qxh3 26. Nf5 Rf8 27.
Raf1 Rxf5 28. Rxf5 Qxg3+ 29. Kh1 Qxd3 30. Kg2 g4 31. R1f4 Qh3+ 32. Kf2 Qh4+ 33.
Kg2 Kg7 34. Rf8 Qe7 35. R8f5 Kg6 36. Kg3 Qe6 37. Rf8 h5 38. Rf2 Kg5 0-1

[Event "22nd Costa del Sol it"]
[Site "Torremolinos ESP"]
[Date "1983.02.05"]
[Round "3"]
[White "Tatai, Stefano"]
[Black "Campora, Daniel Hugo"]
[Result "1-0"]
[WhiteElo "2435"]
[BlackElo "2480"]
[EventDate "1983.02.01"]
[PlyCount "69"]

1. d4 d5 2. c4 c6 3. cxd5 cxd5 4. Nc3 Nc6 5. Nf3 Nf6 6. Bf4 e6 7. e3 Be7 8. Bd3
O-O 9. Ne5 Nd7 10. Nxd7 Bxd7 11. Rc1 a6 12. O-O f5 13. f3 b5 14. Kh1 Qb6 15. g4
g5 16. Bg3 f4 17. Bf2 fxe3 18. Bxe3 Rf7 19. Qd2 Kh8 20. Bb1 Raf8 21. Kg2 Na5
22. b3 Nc6 23. Ne2 Bb4 24. Qd3 Qd8 25. f4 gxf4 26. Bxf4 Qh4 27. h3 Be7 28. Qe3
Bf6 29. Rf3 Bg7 30. Rcf1 Kg8 31. Qd2 Qe7 32. Bg5 Bf6 33. Bxf6 Rxf6 34. Qg5+ Qg7
35. Rxf6 1-0

[Event "22nd Costa del Sol it"]
[Site "Torremolinos ESP"]
[Date "1983.02.06"]
[Round "4"]
[White "Campora, Daniel Hugo"]
[Black "Diez del Corral Rivas, Jesus"]
[Result "1/2-1/2"]
[WhiteElo "2480"]
[BlackElo "2430"]
[EventDate "1983.02.01"]
[PlyCount "57"]

1. e4 e6 2. d4 d5 3. Nd2 Nf6 4. e5 Nfd7 5. f4 c5 6. Ngf3 Nc6 7. c3 a5 8. Bb5
Qb6 9. Qa4 Be7 10. O-O O-O 11. Kh1 f6 12. Rd1 Qc7 13. Nf1 c4 14. Qc2 Na7 15.
Bxd7 Bxd7 16. exf6 Bxf6 17. Re1 Nc6 18. Bd2 b5 19. Re2 b4 20. Rae1 a4 21. a3
bxa3 22. bxa3 Rab8 23. Ne3 Ne7 24. Ng4 Ng6 25. g3 Qb7 26. Nxf6+ Rxf6 27. Bc1
Qb1 28. Qxb1 Rxb1 29. Rb2 1/2-1/2

[Event "22nd Costa del Sol it"]
[Site "Torremolinos ESP"]
[Date "1983.02.06"]
[Round "4"]
[White "Fernandez Garcia, Jose Luis"]
[Black "Medina Garcia, Antonio Angel"]
[Result "1/2-1/2"]
[WhiteElo "2435"]
[BlackElo "2365"]
[EventDate "1983.02.01"]
[PlyCount "84"]

1. e4 e5 2. Nf3 Nc6 3. Bb5 a6 4. Ba4 d6 5. O-O Bd7 6. d4 Nf6 7. Bxc6 Bxc6 8.
Re1 Bxe4 9. Nc3 Bg6 10. Bg5 Be7 11. dxe5 dxe5 12. Nxe5 Qxd1 13. Raxd1 Rd8 14.
Rxd8+ Kxd8 15. Ne2 Kc8 16. Nxg6 hxg6 17. h3 Bc5 18. Bxf6 gxf6 19. Nf4 f5 20.
Nd3 Bd6 21. Kf1 Kd7 22. c4 c6 23. a4 Rh4 24. b3 Re4 25. f3 Rxe1+ 26. Kxe1 Ke6
27. Kf2 Kd7 28. Ke3 Ke6 29. Kd4 Kd7 30. b4 Bf8 31. Nc5+ Kc7 32. a5 Bg7+ 33. Kd3
Bf8 34. Kd4 Bg7+ 35. Kd3 Bf8 36. g4 fxg4 37. fxg4 Be7 38. Ke4 Bf6 39. Nd3 Kd6
40. Kf4 Bc3 41. h4 Bd2+ 42. Ke4 c5 1/2-1/2

[Event "22nd Costa del Sol it"]
[Site "Torremolinos ESP"]
[Date "1983.02.06"]
[Round "4"]
[White "Ivkov, Borislav"]
[Black "Rivas Pastor, Manuel"]
[Result "1/2-1/2"]
[WhiteElo "2475"]
[BlackElo "2465"]
[EventDate "1983.02.01"]
[PlyCount "88"]

1. Nf3 d5 2. c4 c6 3. d4 Nf6 4. e3 Bf5 5. Nc3 e6 6. Bd3 Bxd3 7. Qxd3 Nbd7 8.
O-O Bd6 9. b3 O-O 10. Bb2 Qe7 11. Rad1 Rad8 12. e4 dxe4 13. Nxe4 Nxe4 14. Qxe4
Rfe8 15. Rfe1 h6 16. Qc2 Qf8 17. Re3 Ba3 18. Ba1 Be7 19. Red3 Bf6 20. Bc3 g6
21. Ba5 Rc8 22. Bc3 e5 23. dxe5 Nxe5 24. Nxe5 Bxe5 25. Bd2 Bf6 26. Be3 Rcd8 27.
Rxd8 Rxd8 28. Bxa7 Rxd1+ 29. Qxd1 Qa3 30. Be3 Qxa2 31. Bxh6 Bd4 32. Bd2 b5 33.
cxb5 cxb5 34. Be1 Qa7 35. h4 Qc5 36. b4 Qe5 37. Qd2 Qe4 38. g3 Kh7 39. Qd1 Qe5
40. Kh2 Qe4 41. Qd2 Be5 42. Kg1 Bd4 43. Qd1 Kg8 44. Kh2 Kh7 1/2-1/2

[Event "22nd Costa del Sol it"]
[Site "Torremolinos ESP"]
[Date "1983.02.06"]
[Round "4"]
[White "Munoz Moreno, Francisco Javier"]
[Black "Roos, Daniel"]
[Result "1/2-1/2"]
[WhiteElo "2265"]
[BlackElo "2410"]
[EventDate "1983.02.01"]
[PlyCount "45"]

1. e4 c6 2. d4 d5 3. Nd2 dxe4 4. Nxe4 Nf6 5. Nxf6+ gxf6 6. c3 Bf5 7. Ne2 Nd7 8.
Ng3 Bg6 9. h4 h5 10. Be2 Qa5 11. b4 Qc7 12. Be3 e6 13. Rc1 Bd6 14. Nxh5 f5 15.
Bg5 Bxh5 16. Bxh5 Bf4 17. Bxf4 Qxf4 18. g3 Qe4+ 19. Kd2 Nb6 20. Be2 a5 21. f3
Qd5 22. Qb3 axb4 23. Qxb4 1/2-1/2

[Event "22nd Costa del Sol it"]
[Site "Torremolinos ESP"]
[Date "1983.02.06"]
[Round "4"]
[White "Tatai, Stefano"]
[Black "Bellon Lopez, Juan Manuel"]
[Result "1/2-1/2"]
[WhiteElo "2435"]
[BlackElo "2425"]
[EventDate "1983.02.01"]
[PlyCount "43"]

1. d4 Nf6 2. c4 e6 3. Nc3 c5 4. d5 exd5 5. cxd5 g6 6. e4 d6 7. f4 Bg7 8. Bb5+
Nfd7 9. a4 O-O 10. Nf3 Na6 11. O-O Nb4 12. Re1 a6 13. Bf1 Re8 14. h3 b6 15. Be3
Bb7 16. Bf2 Rc8 17. Bc4 Bd4 18. Qd2 Nf6 19. Rac1 Bxf2+ 20. Kxf2 Re7 21. Rcd1 b5
22. axb5 1/2-1/2

[Event "22nd Costa del Sol it"]
[Site "Torremolinos ESP"]
[Date "1983.02.07"]
[Round "5"]
[White "Bellon Lopez, Juan Manuel"]
[Black "Campora, Daniel Hugo"]
[Result "0-1"]
[WhiteElo "2425"]
[BlackElo "2480"]
[EventDate "1983.02.01"]
[PlyCount "60"]

1. e4 c6 2. d4 d5 3. Nd2 dxe4 4. Nxe4 Bf5 5. Ng3 Bg6 6. h4 h6 7. N1e2 Nf6 8.
Nf4 Bh7 9. Bc4 Na6 10. O-O Nc7 11. Re1 e6 12. Ngh5 Qe7 13. c3 O-O-O 14. Qf3
Nxh5 15. Nxh5 Rd7 16. b4 Qxh4 17. g3 Qd8 18. a4 Nd5 19. b5 c5 20. a5 cxd4 21.
Nf4 Bc5 22. cxd4 Bxd4 23. Ra4 Qf6 24. b6 a6 25. Bd2 Kb8 26. Kg2 Rhd8 27. Qg4
Nc3 28. Ra3 Nb1 29. Ra2 g5 30. Bxe6 fxe6 0-1

[Event "22nd Costa del Sol it"]
[Site "Torremolinos ESP"]
[Date "1983.02.07"]
[Round "5"]
[White "Diez del Corral Rivas, Jesus"]
[Black "Munoz Moreno, Francisco Javier"]
[Result "1/2-1/2"]
[WhiteElo "2430"]
[BlackElo "2265"]
[EventDate "1983.02.01"]
[PlyCount "72"]

1. d4 Nf6 2. c4 e6 3. Nc3 Bb4 4. Bg5 c5 5. d5 d6 6. e3 Bxc3+ 7. bxc3 e5 8. Qc2
Nbd7 9. Bd3 h6 10. Bh4 Qe7 11. f3 b6 12. Ne2 g5 13. Bg3 e4 14. Bxe4 Nxe4 15.
fxe4 Nf6 16. e5 dxe5 17. h4 Ng4 18. hxg5 Qxg5 19. Bh4 Qg6 20. Qd2 Ba6 21. d6
Kd7 22. Ng3 Bxc4 23. O-O-O b5 24. e4 Qe6 25. Kb1 b4 26. cxb4 Rab8 27. Ka1 Rxb4
28. Rb1 Rhb8 29. Nf5 R8b6 30. Rxb4 Rxb4 31. Rb1 Rxb1+ 32. Kxb1 Qe8 33. Qd1 Qb8+
34. Kc1 Qb4 35. Qxg4 Qc3+ 36. Kd1 Qd3+ 1/2-1/2

[Event "22nd Costa del Sol it"]
[Site "Torremolinos ESP"]
[Date "1983.02.07"]
[Round "5"]
[White "Medina Garcia, Antonio Angel"]
[Black "Tatai, Stefano"]
[Result "1/2-1/2"]
[WhiteElo "2365"]
[BlackElo "2435"]
[EventDate "1983.02.01"]
[PlyCount "32"]

1. e4 c5 2. Nf3 d6 3. d4 cxd4 4. Nxd4 Nf6 5. Nc3 a6 6. g3 e5 7. Nde2 Be7 8. Bg2
Nbd7 9. a4 b6 10. O-O Bb7 11. Be3 O-O 12. Nd5 Nxd5 13. exd5 Qc7 14. c4 Rae8 15.
Rc1 Bc8 16. b4 a5 1/2-1/2

[Event "22nd Costa del Sol it"]
[Site "Torremolinos ESP"]
[Date "1983.02.07"]
[Round "5"]
[White "Rivas Pastor, Manuel"]
[Black "Fernandez Garcia, Jose Luis"]
[Result "1/2-1/2"]
[WhiteElo "2465"]
[BlackElo "2435"]
[EventDate "1983.02.01"]
[PlyCount "53"]

1. c4 e6 2. Nc3 d5 3. d4 c5 4. cxd5 exd5 5. Nf3 Nc6 6. g3 Nf6 7. Bg2 Be7 8. O-O
O-O 9. b3 Bg4 10. dxc5 Bxc5 11. Bb2 Re8 12. Rc1 a6 13. Nxd5 Bxf2+ 14. Rxf2 Nxd5
15. Ne5 Nxe5 16. Qxd5 Qg5 17. Rcf1 Rad8 18. Qxb7 f6 19. Bxe5 Qxe5 20. e4 Bc8
21. Qc6 Rd6 22. Qc1 Bb7 23. Qc4+ Kh8 24. Rf5 Qe7 25. Rc5 Rd7 26. h4 Qd8 27. Rf2
1/2-1/2

[Event "22nd Costa del Sol it"]
[Site "Torremolinos ESP"]
[Date "1983.02.09"]
[Round "6"]
[White "Bellon Lopez, Juan Manuel"]
[Black "Medina Garcia, Antonio Angel"]
[Result "1-0"]
[WhiteElo "2425"]
[BlackElo "2365"]
[EventDate "1983.02.01"]
[PlyCount "81"]

1. d4 Nf6 2. Nf3 d5 3. c4 e6 4. Nc3 Be7 5. Bg5 h6 6. Bh4 O-O 7. Rc1 c6 8. e3
Nbd7 9. Bd3 dxc4 10. Bxc4 b5 11. Bd3 a6 12. Bxf6 Bxf6 13. Ne4 Be7 14. O-O Bb7
15. a3 Qb6 16. Bb1 Rac8 17. b4 a5 18. Qd3 Rfd8 19. Nc5 Nf8 20. Ne5 Qc7 21. f4
axb4 22. axb4 Bxc5 23. Rxc5 Rd5 24. Rc2 Rdd8 25. Rfc1 Qd6 26. Rc5 Ra8 27. Qc3
Rdc8 28. Be4 Nd7 29. Nxd7 Qxd7 30. f5 Re8 31. fxe6 Qxe6 32. Re5 Qd6 33. Rxe8+
Rxe8 34. Bxc6 Bxc6 35. Qxc6 Qxc6 36. Rxc6 Rxe3 37. d5 Rb3 38. d6 Kh7 39. Kf2
Rxb4 40. Ke3 Rb1 41. Kd2 1-0

[Event "22nd Costa del Sol it"]
[Site "Torremolinos ESP"]
[Date "1983.02.09"]
[Round "6"]
[White "Campora, Daniel Hugo"]
[Black "Munoz Moreno, Francisco Javier"]
[Result "1-0"]
[WhiteElo "2480"]
[BlackElo "2265"]
[EventDate "1983.02.01"]
[PlyCount "89"]

1. e4 c5 2. Nf3 Nc6 3. d4 cxd4 4. Nxd4 e5 5. Nb5 a6 6. Nd6+ Bxd6 7. Qxd6 Qf6 8.
Qd1 Qg6 9. Nc3 Nge7 10. h4 h5 11. Bg5 d5 12. exd5 Nb4 13. Bxe7 Kxe7 14. Bd3
Nxd3+ 15. Qxd3 Qxd3 16. cxd3 b5 17. O-O-O Bf5 18. Rhe1 b4 19. Na4 Rac8+ 20. Kd2
f6 21. Rc1 Kd6 22. Rc4 Rxc4 23. dxc4 Bd7 24. b3 Bxa4 25. bxa4 Kc5 26. Kd3 Rb8
27. f4 b3 28. axb3 Rxb3+ 29. Ke4 exf4 30. Rd1 Rb6 31. Kxf4 Rd6 32. Rc1 Rd8 33.
Kf5 g5 34. Kxf6 gxh4 35. Ke7 Rg8 36. Rc2 a5 37. Rd2 Kxc4 38. d6 Kc3 39. Rd1
Rxg2 40. d7 Rg7+ 41. Ke6 Rxd7 42. Rxd7 h3 43. Rh7 Kb4 44. Kd5 Kxa4 45. Kc4 1-0

[Event "22nd Costa del Sol it"]
[Site "Torremolinos ESP"]
[Date "1983.02.09"]
[Round "6"]
[White "Ivkov, Borislav"]
[Black "Diez del Corral Rivas, Jesus"]
[Result "1-0"]
[WhiteElo "2475"]
[BlackElo "2430"]
[EventDate "1983.02.01"]
[PlyCount "67"]

1. d4 c5 2. d5 Nf6 3. c4 e5 4. Nc3 d6 5. e4 g6 6. Be2 Bg7 7. Nf3 O-O 8. Bg5 h6
9. Bh4 a6 10. Nd2 Qe8 11. a3 Nbd7 12. b4 b6 13. Rb1 Ra7 14. bxc5 bxc5 15. Qa4
Qd8 16. Nb5 Nb6 17. Qa5 Rd7 18. Nc3 Na8 19. Qxd8 Rdxd8 20. Nb3 Bd7 21. Na5 Rb8
22. Kd2 g5 23. Bg3 Nxe4+ 24. Nxe4 f5 25. Nxd6 f4 26. Ne4 fxg3 27. hxg3 Nb6 28.
f3 Na4 29. g4 Kf7 30. Nb7 Ke7 31. Nbxc5 Nxc5 32. Nxc5 e4 33. Nxe4 Be5 34. Bd3
1-0

[Event "22nd Costa del Sol it"]
[Site "Torremolinos ESP"]
[Date "1983.02.09"]
[Round "6"]
[White "Tatai, Stefano"]
[Black "Rivas Pastor, Manuel"]
[Result "1/2-1/2"]
[WhiteElo "2435"]
[BlackElo "2465"]
[EventDate "1983.02.01"]
[PlyCount "140"]

1. d4 Nf6 2. c4 e6 3. Nf3 Bb4+ 4. Bd2 Qe7 5. g3 Nc6 6. Bg2 Bxd2+ 7. Nbxd2 d6 8.
O-O O-O 9. e4 e5 10. d5 Nb8 11. Qc2 a5 12. Ne1 Na6 13. Nd3 c6 14. dxc6 bxc6 15.
c5 dxc5 16. Nb3 Nb4 17. Qxc5 Qxc5 18. Nbxc5 Nxd3 19. Nxd3 Ba6 20. Rfd1 Bxd3 21.
Rxd3 Rfd8 22. Rad1 Rxd3 23. Rxd3 Kf8 24. Kf1 Ke7 25. Rb3 Ra7 26. Ke2 Nd7 27.
Rc3 Rb7 28. b3 Kd6 29. Rd3+ Kc7 30. Rc3 Kb6 31. Rc4 Ra7 32. Ke3 Nc5 33. Bh3 Ra8
34. Bg4 Na6 35. Bd7 c5 36. f4 Rd8 37. Bg4 f6 38. Be2 Nb4 39. a3 Nc6 40. Rc1 Nd4
41. Bc4 Re8 42. Bd5 Nb5 43. a4 Nd4 44. Kd3 Nc6 45. Ke3 Nd4 46. Kd3 Nc6 47. Ke3
h6 48. Rf1 Kc7 49. Bc4 Nd4 50. Kd3 Kd6 51. Rf2 Rb8 52. Kc3 Rf8 53. Bd3 Re8 54.
Rf1 Rb8 55. Bc4 Rh8 56. Rf2 Rd8 57. Rf1 Rh8 58. Rf2 h5 59. h4 Rh6 60. Bf7 Ke7
61. Bd5 Rg6 62. fxe5 Rxg3+ 63. Kc4 Rxb3 64. exf6+ gxf6 65. Kxc5 Ne6+ 66. Kc6
Rb4 67. Ra2 Nd4+ 68. Kc5 Ne6+ 69. Kc6 Nf4 70. Rf2 Ne6 1/2-1/2

[Event "22nd Costa del Sol it"]
[Site "Torremolinos ESP"]
[Date "1983.02.10"]
[Round "7"]
[White "Diez del Corral Rivas, Jesus"]
[Black "Fernandez Garcia, Jose Luis"]
[Result "1/2-1/2"]
[WhiteElo "2430"]
[BlackElo "2435"]
[EventDate "1983.02.01"]
[PlyCount "62"]

1. e4 c5 2. Nf3 e6 3. d4 cxd4 4. Nxd4 Nf6 5. Nc3 Bb4 6. e5 Nd5 7. Bd2 Nxc3 8.
bxc3 Be7 9. Qg4 O-O 10. Bh6 g6 11. Bxf8 Bxf8 12. Nb5 Qa5 13. Qg3 Nc6 14. f4 Bg7
15. Rd1 d5 16. h4 Bd7 17. Nd6 Ne7 18. Bd3 Nc8 19. h5 Nxd6 20. exd6 Qxc3+ 21.
Kf1 Ba4 22. Qe1 Rd8 23. Qxc3 Bxc3 24. Rh3 Bf6 25. Rb1 b5 26. hxg6 hxg6 27. Bxb5
Rb8 28. Rhb3 Bxb3 29. Rxb3 Rb6 30. d7 Kf8 31. a4 Ke7 1/2-1/2